ბათუმის შოთა რუსთაველის სახელმწიფო უნივერსიტეტის ბიბლიოთეკა

პოლიტიკა (ბიბ.ჩანაწერი № 44008)

000 -LEADER
fixed length control field 01003nam a2200265Ia 4500
001 - CONTROL NUMBER
control field 10758
003 - CONTROL NUMBER IDENTIFIER
control field GE_BSU
008 - FIXED-LENGTH DATA ELEMENTS--GENERAL INFORMATION
fixed length control field 181216s||||||||xx |||||||||||||| ||und||
020 ## - INTERNATIONAL STANDARD BOOK NUMBER
International Standard Book Number 9789941406294
040 ## - CATALOGING SOURCE
Transcribing agency GE_BSU
100 ## - MAIN ENTRY--PERSONAL NAME
Personal name ჰეივუდი,ენდრიუ
245 ## - TITLE STATEMENT
Title პოლიტიკა
245 ## - TITLE STATEMENT
Remainder of title [პოლიტიკა,პოლიტოლოგია]
245 ## - TITLE STATEMENT
Statement of responsibility, etc. მთარგმნ:გია ჭუმბურიძე; ზაზა ჭელიძე.
250 ## - EDITION STATEMENT
Edition statement მე-3 გამოც.
260 ## - PUBLICATION, DISTRIBUTION, ETC.
Place of publication, distribution, etc. თბილისი
260 ## - PUBLICATION, DISTRIBUTION, ETC.
Name of publisher, distributor, etc. საქართველოს უნ-ტი;საქართველოს მაცნე.
260 ## - PUBLICATION, DISTRIBUTION, ETC.
Date of publication, distribution, etc. 2008
300 ## - PHYSICAL DESCRIPTION
Extent 570გვ;24სმ.
300 ## - PHYSICAL DESCRIPTION
Other physical details ფოტ.
300 ## - PHYSICAL DESCRIPTION
Accompanying material პოლიტ.ცნებათა ლექსიკონი გვ:542-570
653 ## - INDEX TERM--UNCONTROLLED
Uncontrolled term პოლიტიკა:[პოლიტიკა,პოლიტოლოგია]
942 ## - ADDED ENTRY ELEMENTS (KOHA)
Koha item type წიგნი
ეგზემპლარები
Withdrawn status Lost status Damaged status Not for loan Date acquired Barcode Date last seen Price effective from Koha item type
        2018-12-17 34989 2018-12-17 2018-12-17 წიგნი
        2018-12-17 34990 2018-12-17 2018-12-17 წიგნი
        2018-12-17 34991 2018-12-17 2018-12-17 წიგნი
        2018-12-17 34992 2018-12-17 2018-12-17 წიგნი
        2018-12-17 34993 2018-12-17 2018-12-17 წიგნი